Statistics for ACF Fiorentina Squad 2020-2021

Click here to take the quiz!

General Stats

  • This quiz has been taken 28 times
    (16 since last reset)
  • The average score is 23 of 33

Answer Stats

#PositionNationPlayer% Correct
7FWFranceFranck Ribéry
100%
8MFGhanaAlfred Duncan
88%
69GKPolandBartłomiej Drągowski
88%
6MFSpainBorja Valero
88%
9FWSerbiaDušan Vlahović
88%
10MFItalyGaetano Castrovilli
88%
20DFArgentinaGermán Pezzella
88%
5MFItalyGiacomo Bonaventura
88%
77FWSpainJosé Callejón
88%
2DFArgentinaLucas Martínez Quarta
88%
22DFUruguayMartín Cáceres
88%
4DFSerbiaNikola Milenković
88%
91FWRussiaAleksandr Kokorin
75%
11FWIvory CoastChristian Kouamé
75%
3DFItalyCristiano Biraghi
75%
78MFChileErick Pulgar
75%
1GKItalyPietro Terracciano
75%
34MFMoroccoSofyan Amrabat
75%
98DFBrazilIgor
63%
25DFFranceKévin Malcuit
63%
23DFItalyLorenzo Venuti
63%
63FWItalyPatrick Cutrone
63%
92MFFranceValentin Eysseric
63%
27DFItalyAntonio Barreca
50%
21GKItalyAntonio Rosati
50%
-CoachItalyCesare Prandelli
50%
32DFItalyChristian Dalle Mura
50%
33GKItalyFederico Brancolini
50%
-CoachItalyGiuseppe Iachini
50%
15DFUruguayMaximiliano Olivera
50%
21DFSpainPol Lirola
50%
28MFSpainTòfol Montiel
50%
18MFItalyRiccardo Saponara
38%

Score Distribution

Percentile by Number Answered

Percent of People with Each Score

Your Score History

You have not taken this quiz since the last reset